000
00465nam a2200133Ia 4500
008
151001s9999||||xx |||||||||||||| ||und||
100
_a
गं दे खानोलकर
245
_a
मराठी वाड्मय कोश खंड १
250
_a
1
260
_b
महाराष्ट्र राज्य साहित्य संस्कुती मंडळ मुंबई
260
_c
१९७७
300
_a
464
365
_b
22
999
_c
1000754
_d
1000751